|
|
|
|
| LEADER |
00000nam0a2200000 4500 |
| 001 |
217642 |
| 005 |
20231101230131.0 |
| 010 |
|
|
|a 9785699520121
|
| 035 |
|
|
|a (RuTPU)RU\TPU\book\237643
|
| 090 |
|
|
|a 217642
|
| 100 |
|
|
|a 20120607d2011 m y0rusy50 ca
|
| 101 |
0 |
|
|a rus
|
| 102 |
|
|
|a RU
|
| 105 |
|
|
|a y z 000zb
|
| 200 |
1 |
|
|a Тайна Игоря Талькова. "На растерзание вандалам"
|f И. А. Измайлова
|
| 210 |
|
|
|a Москва
|c Эксмо
|d 2011
|
| 215 |
|
|
|a 224 с.
|
| 225 |
1 |
|
|a Тайная жизнь гениев
|
| 330 |
|
|
|a 20 лет назад его трагическая смерть потрясла всю страну, став знамением приближающейся катастрофы. Его убийцы так и не понести заслуженного наказания. Его гибель слишком похожа на изощренную месть или даже ритуальное жертвоприношение, чтобы быть случайной. Ведь «поэт в России — больше, чем поэт», а ИГОРЬ ТАЛЬКОВ стал голосом переломной эпохи великих надежд и страшных разочарований. Он первым посмел зарифмовать КПСС и СС. когда компартия была еще у власти. Он отпел дореволюционную Россию, отданную «на растерзание вандалам», когда будущие прихватизаторы еще подвизались «комсомольскими вожаками» и преподавателями марксизма-ленинизма. Он воспел наше Отечество как «страну не дураков, а гениев», когда ненавистники России проклинали патриотизм как «последнее прибежище негодяев». Его песни и стихи, его глубокая, истовая, почти яростная любовь к Родине были слишком опасны для ее врагов и губителей. Но убийцы просчитались, а слова лучшей песни Игоря Талькова: «Я знаю, что вернусь» оказались пророческими — в то время как абсолютное большинство «кумиров перестройки» давно забыты, его помнят и поют до сих пор. Эта книга — лучшая биография великого барда, артиста и поэта, волнующий рассказ о его трагической судьбе, признание в любви к его творчеству, разгадка тайны его короткой w"iuu и Ле-чш-и-менной смерти.vtik «7-04
|
| 600 |
|
1 |
|a Тальков
|b И. В.
|c советский и российский певец, автор песен, поэт, киноактер
|f 1956-1991
|g Игорь Владимирович
|2 stltpush
|3 (RuTPU)RU\TPU\pers\29649
|9 14162
|
| 610 |
1 |
|
|a биографии
|
| 610 |
1 |
|
|a биографическая проза
|
| 610 |
1 |
|
|a барды
|
| 610 |
1 |
|
|a поэты
|
| 610 |
1 |
|
|a певцы
|
| 675 |
|
|
|a 784
|v 3
|
| 700 |
|
1 |
|a Измайлова
|b И. А.
|g Ирина Александровна
|
| 801 |
|
1 |
|a RU
|b 63413507
|c 20120607
|
| 801 |
|
2 |
|a RU
|b 63413507
|c 20120619
|g RCR
|
| 942 |
|
|
|c BK
|